000 01163nam a22002657a 4500
003 KOHA_MİRAKIL
005 20260511060130.0
008 260507b tu ||||| |||| 00| 0 tur d
020 _a9789755333991
040 _aTR-AnABB
_btur
_cTR-AnABB
041 _atur
082 _a909.03
_bBRA 2004
100 1 _aFernand, Braudel
245 1 0 _aMaddi uygarlık :
_bgündelik hayatın yapıları /
_cFernand Braudel ; Fransızca aslından çeviren: Mehmet Ali Kılıçbay
246 _aMaddi uygarlık
250 _a3. baskı
260 _aAnkara :
_bİmge Kitabevi,
_c2017
300 _a558 sayfa ;
_c20 cm.
500 _aOrjinal eser adı: Civilisation materielle economie et capitalisme
505 _aİçindekiler: Sayının ağırlığı - Gündelik ekmek - Gereğinden çok ve olağan: yiyecek ve içecekler - Gereğinden çok ve olağan: Konut, elbise ve moda - Tekniklerin yayılması: Enerji kaynakları ve maden işletmeciliği - Teknik devrimler ve gecikmeler - Para - Kentler
650 0 4 _aUygarlık tarihi, Ortaçağ
700 1 _aKılıçbay, Mehmet Ali,
_eçeviren
_93604
900 _bCan ÇELIK
942 _2ddc
_cBK
999 _c10360
_d10360